000 00535 a2200169 4500
005 20250320120510.0
020 _a978-0-07-337766-7
082 _a346.730 REE
100 _aREED, O.L.
245 _aThe Legal and Regulatory Environment of Business.
250 _a15th Ed.
260 _aNew York,
_bMcgraw- Hill Irwin,
_c2010.
300 _axliv,736p.: Ill.; figures, table.
_bGlossary, Index.
_c26cm.
700 _aPETER, J. S, ANNE, P. & JERE W. M.
856 _yAccess Online Book.
_fEnvironment.
_dwww.mhhe.com
942 _2ddc
_cBKS
999 _c714
_d714